[Event "AUTO-OPEN-4648"]
[Site "http://www.queenalice.com/game.php?id=1871968"]
[Date "2026.4.15"]
[Round "1"]
[White "MarcosT"]
[Black "Thisistheway"]
[Result "0-1"]
[WhiteElo "2078"]
[BlackElo "1944"]

1. e4 d5 2. e5 c5 3. c3 Nc6 4. d4 Bf5 5. Be2 e6 6. Nf3 Nh6 7. Nh4 Qxh4 8. Nd2
cxd4 9. Nf3 Qd8 10. Bb5 dxc3 11. bxc3 Qb6 12. a4 Bc5 13. O-O Ng4 14. Qe2 O-O 15.
Ba3 Bxa3 16. Rxa3 Be4 17. Bxc6 Qxc6 18. Nd4 Qc4 19. Qxg4 Rac8 20. Nb5 Bd3 21.
Qxc4 Bxc4 22. Rc1 f6 23. Nd6 Rc7 24. exf6 gxf6 25. Raa1 Rd8 26. Nxc4 Rxc4 27. f3
Rdc8 28. Ra3 d4 29. Kf2 Rxc3 30. Raxc3 Rxc3 31. Rxc3 dxc3 32. Ke2 Kf7 33. Kd3 e5
34. Kxc3 Ke6 35. Kc4 Kd6 36. g4 Kc6 37. h4 a6 0-1

[Event "AUTO-OPEN-4648"]
[Site "http://www.queenalice.com/game.php?id=1871969"]
[Date "2026.4.15"]
[Round "1"]
[White "Thisistheway"]
[Black "MarcosT"]
[Result "1-0"]
[WhiteElo "1911"]
[BlackElo "2072"]

1. e4 e5 2. Nf3 Nf6 3. d4 Nc6 4. Bc4 exd4 5. O-O Nxe4 6. Re1 d5 7. Bxd5 Qxd5 8.
Nc3 Qd8 9. Rxe4+ Be7 10. Nxd4 Nxd4 11. Rxd4 Bd6 12. Bf4 O-O 13. Bxd6 cxd6 14.
Rxd6 Qc7 15. Nb5 Qa5 16. Qd3 Bg4 17. Rd5 Rad8 18. h3 Be6 19. Rd6 a6 20. Nc3 Bc4
21. Qd4 Rxd6 22. Qxd6 Rd8 23. Re1 Be6 24. Qg3 b5 25. a3 Qb6 26. Qe5 Rd2 27. Re2
Rxe2 28. Nxe2 h6 29. Nf4 Kh7 30. Nh5 f6 31. Qe4+ Kg8 32. Qg6 1-0

[Event "AUTO-OPEN-4649"]
[Site "http://www.queenalice.com/game.php?id=1872454"]
[Date "2026.4.25"]
[Round "1"]
[White "Tonto"]
[Black "MarcosT"]
[Result "1-0"]
[WhiteElo "1964"]
[BlackElo "2111"]

1. e4 e5 2. Nf3 Nf6 3. d3 Bc5 4. Be2 O-O 5. O-O Nc6 6. Bg5 Be7 7. Nbd2 d5 8. c3
d4 9. Nc4 h6 10. Bh4 b5 11. Ncxe5 Nxe5 12. Nxe5 Bb7 13. Bxf6 Bxf6 14. Ng4 Be7
15. Rc1 c5 16. c4 bxc4 17. Rxc4 Bc8 18. Ne5 Bf6 19. Nf3 Qe7 20. Nd2 Be6 21. Ra4
Qd7 22. Bf3 Be5 23. Qc2 Rfc8 24. g3 Rc7 25. Nc4 Bxc4 26. Rxc4 Rac8 27. Kg2 f5
28. h3 Rf8 29. Rxc5 Rxc5 30. Qxc5 fxe4 31. Bxe4 Bd6 32. Qd5+ Kh8 33. Qxd4 Qe7
34. b3 Be5 35. Qc4 g5 36. d4 Bd6 37. d5 Kg7 38. Qd3 Kg8 39. Bf3 Qf7 40. Re1 Bc5
41. Re2 h5 42. Re6 Kg7 43. Qe4 a5 44. d6 1-0

[Event "AUTO-OPEN-4649"]
[Site "http://www.queenalice.com/game.php?id=1872455"]
[Date "2026.4.25"]
[Round "1"]
[White "MarcosT"]
[Black "Tonto"]
[Result "1-0"]
[WhiteElo "2102"]
[BlackElo "1992"]

1. e4 e5 2. Nf3 d6 3. Bc4 Be7 4. c3 Nf6 5. O-O O-O 6. Ng5 Bg4 7. Qb3 d5 8. exd5
Qd6 9. Re1 Nbd7 10. d4 exd4 11. cxd4 Bh5 12. Nc3 h6 13. Nge4 Nxe4 14. Nxe4 Qg6
15. Ng3 Bg4 16. Rxe7 Qd6 17. Re1 b6 18. Ne4 Qg6 19. Bf4 a6 20. Bd3 Bf5 21. Qc2
Bxe4 22. Bxe4 f5 23. Bd3 b5 24. Bxc7 Rac8 25. d6 Qg5 26. Re7 Nb6 27. Qb3+ Nc4
28. Bxc4+ bxc4 29. Qxc4+ Kh8 30. Rae1 f4 31. d7 f3 32. g3 Qg4 33. dxc8=Q Qxc8
34. R1e6 Kh7 35. Qd3+ Kg8 36. Qg6 1-0